Australian Institute of Project Management (Record no. 120434)

MARC details
000 -LEADER
fixed length control field 00777cad a2200169 4500
001 - CONTROL NUMBER
control field WS125654
008 - FIXED-LENGTH DATA ELEMENTS--GENERAL INFORMATION
fixed length control field 040329n 000 0 eng u
035 ## - SYSTEM CONTROL NUMBER
System control number (Sirsi) u125654
041 ## - LANGUAGE CODE
Language code of text/sound track or separate title eng
110 ## - MAIN ENTRY--CORPORATE NAME
Corporate name or jurisdiction name as entry element Australian Institute of Project Management
9 (RLIN) 4698
245 ## - TITLE STATEMENT
Title Australian Institute of Project Management
520 ## - SUMMARY, ETC.
Summary, etc. Web site for this organisation representing project managers in Australia. Including details of how to gain the certificate to become a registered project manager, a register of members, details of their national competency standards, pages on their awards and discussion forum.
651 ## - SUBJECT ADDED ENTRY--GEOGRAPHIC NAME
Geographic name AUSTRALIA
690 ## - LOCAL SUBJECT ADDED ENTRY--TOPICAL TERM (OCLC, RLIN)
Topical term or geographic name as entry element Project management
9 (RLIN) 6261
856 40 - ELECTRONIC LOCATION AND ACCESS
Uniform Resource Identifier <a href="https://www.aipm.com.au">https://www.aipm.com.au</a>
Public note View the document free of charge at www.aipm.com.au
942 ## - ADDED ENTRY ELEMENTS (KOHA)
Suppress in OPAC 0
Holdings
Withdrawn status Lost status Source of classification or shelving scheme Damaged status Not for loan Home library Current library Shelving location Date acquired Total Checkouts Full call number Barcode Date last seen Copy number Price effective from Koha item type
    Dewey Decimal Classification     Virtual Virtual Online 29/03/2004   WEB SITE 125654-1001 06/08/2019 1 06/08/2019 Online material